| 000 | 00483nam a22001577a 4500 | ||
|---|---|---|---|
| 003 | BD-ChCU | ||
| 005 | 20260114144957.0 | ||
| 008 | 260114b bg ||||| |||| 00| 0 ben d | ||
| 040 | _cBD-ChCU | ||
| 082 | _a330.109 SUE | ||
| 100 |
_aSupple , Barry E. _919250 |
||
| 245 |
_aThe experience of economic growth : _bcase studies in economic history ./ _cBarry E. Supple |
||
| 260 |
_aNew York : _bRandom house , _cC 1963 |
||
| 650 | 0 |
_aEconomic - history . _919253 |
|
| 942 |
_2ddc _cBK _n0 |
||
| 999 |
_c111047 _d111047 |
||